City by Sports Team - Statistics

General Stats
  • This quiz has been taken 59 times
  • The average score is 8 of 10
Answer Stats
Teams City % Correct
Islanders, Mets, Knicks, Rangers, Yankees New York City
100%
Wizards, Nationals, Capitals, Redskins Washington D.C.
98%
Maple Leafs, Blue Jays, Raptors, FC, Argonauts Toronto
96%
Tigers, Red Wings, Lions, Pistons Detroit
94%
Canadiens, Alouettes, Impact Montreal
86%
Blues, Cardinals St. Louis
84%
Flames, Stampeders Calgary
78%
Eskimos, Oilers Edmonton
73%
Senators, Redblacks Ottawa
69%
Jets, Blue Bombers, Goldeyes Winnipeg
65%
No matching quizzes found
Score Distribution
Percent of People with Each Score
Percentile by Number Answered
Your Score History
You have not taken this quiz